Statistics for Крупнейшие Нестоличные Города России

Click here to take the quiz!

General Stats

  • This quiz has been taken 164 times
  • The average score is 6 of 20

Answer Stats

НаселениеГород% Correct
446 599Сочи
56%
684 709Тольятти
53%
526 851Балашиха
46%
548 434Набережные Челны
45%
257 006Химки
40%
537 480Новокузнецк
36%
312 400Подольск
31%
261 626Новороссийск
30%
266 436Мытищи
29%
410 594Магнитогорск
26%
338 966Нижний Тагил
23%
396 443Сургут
22%
245 120Таганрог
22%
230,134Люберцы
19%
277 410Стерлитамак
19%
241 479Нижнекамск
16%
236 158Комсомольск-на-Амуре
16%
283 256Нижневартовск
14%
301 040Череповец
13%
321 479Волжский
12%

Score Distribution

Percentile by Number Answered

Percent of People with Each Score

Your Score History

You have not taken this quiz